ბათუმის შოთა რუსთაველის სახელმწიფო უნივერსიტეტის ბიბლიოთეკა

Методика музыкального воспитания в школе (ბიბ.ჩანაწერი № 35031)

000 -LEADER
fixed length control field 00719nam a2200241Ia 4500
001 - CONTROL NUMBER
control field 870
003 - CONTROL NUMBER IDENTIFIER
control field GE_BSU
008 - FIXED-LENGTH DATA ELEMENTS--GENERAL INFORMATION
fixed length control field 181216s||||||||xx |||||||||||||| ||und||
020 ## - INTERNATIONAL STANDARD BOOK NUMBER
International Standard Book Number 509008981
040 ## - CATALOGING SOURCE
Transcribing agency GE_BSU
080 ## - UNIVERSAL DECIMAL CLASSIFICATION NUMBER
Universal Decimal Classification number 372.874(072)
100 ## - MAIN ENTRY--PERSONAL NAME
Personal name Дмитриева, Л.Г. Чернованенко, Н.М.
245 ## - TITLE STATEMENT
Title Методика музыкального воспитания в школе
245 ## - TITLE STATEMENT
Remainder of title Для учащ-ся пед.училищ
260 ## - PUBLICATION, DISTRIBUTION, ETC.
Place of publication, distribution, etc. Москва
260 ## - PUBLICATION, DISTRIBUTION, ETC.
Name of publisher, distributor, etc. Просвещение
260 ## - PUBLICATION, DISTRIBUTION, ETC.
Date of publication, distribution, etc. 1989
300 ## - PHYSICAL DESCRIPTION
Extent 207стр.
653 ## - INDEX TERM--UNCONTROLLED
Uncontrolled term Методика музыкального воспитания
653 ## - INDEX TERM--UNCONTROLLED
Uncontrolled term Педагогика
942 ## - ADDED ENTRY ELEMENTS (KOHA)
Koha item type წიგნი
ეგზემპლარები
Withdrawn status Lost status Damaged status Not for loan Date acquired Barcode Date last seen Price effective from Koha item type Public note
        2018-12-17 1580 2018-12-17 2018-12-17 წიგნი დარბაზი